| 000 | 01029nam a2200277 c 4500 | ||
|---|---|---|---|
| 999 |
_c343052 _d343052 |
||
| 003 | BLK | ||
| 005 | 20200421110624.0 | ||
| 008 | 180911b bul|||||r ||||||| ||bul|| | ||
| 010 | _a002713 | ||
| 040 | _aBLK | ||
| 041 |
_aBUL _cBUL |
||
| 080 | _z886.7.09 | ||
| 100 | 1 |
_aЦеров, Иван _9399094 |
|
| 245 | 0 | 0 | _aОтговор на рецензията на г. Б. Ц. за "Христоматията ми по българската литература |
| 260 |
_aВарна _c1901 _fВарна : К. Николов |
||
| 300 |
_a16 с _c24 см |
||
| 380 | _a82 | ||
| 490 |
_aЧастна колекция - Академик Михаил Арнаудов _gДарение - Основен фонд |
||
| 500 | _aПодчертавания в текста; | ||
| 520 | _aМихаил Арнаудов: негови-книга | ||
| 650 |
_aКритика _9159735 |
||
| 655 |
_aбългарско литературознание _9396216 |
||
| 700 | 1 |
_aИв. Церов _9400167 |
|
| 852 | _aМА 4075 | ||
| 942 |
_cKNG _n0 _s1 |
||
| 944 |
_aCR _c1994 |
||
| 999 | _d343052 | ||